Geography Quiz

Random Geography or Blitz Quiz

Geography 'N' Blitz Quiz Stats

 Plays Quiz Updated Mar 28, 2019

Score 0/20 Timer 02:00
0 Plays Today
Category Answer % Correct
ContinentNorth America
94.2%
US stateNew York
93.6%
European countryNetherlands
90.3%
Major river (2k km+)Nile
87.3%
Oceanian countryNew Zealand
84.6%
Asian countryNepal
82.6%
African countryNamibia
82.6%
North American countryNicaragua
70.9%
Italian city (100k+)Naples
69.5%
Canadian provinceNova Scotia
61.6%
Category Answer % Correct
African capitalNairobi
55.7%
Australian stateNew South Wales
49.4%
English countyNorfolk
37.7%
French regionNormandie
30.6%
European capitalNicosia
28.9%
North American capitalNassau
25.7%
Asian capitalNew Delhi
24.3%
US state capitalNashville
17.8%
Oceanian capitalNuku'alofa
15.1%
World currencyNaira
3.5%

You're not logged in!

Compare scores with friends on all Sporcle quizzes.
OR
Log In

You Might Also Like...

Show Comments

Extras

Top Quizzes Today


Score Distribution

Your Account Isn't Verified!

In order to create a playlist on Sporcle, you need to verify the email address you used during registration. Go to your Sporcle Settings to finish the process.

Report this User

Report this user for behavior that violates our Community Guidelines.

Details: